[Event "Forli op"]
[Site "Forli"]
[Date "1992.??.??"]
[Round "2"]
[White "Caposciutti, Maurizio"]
[Black "Aurel, J."]
[Result "1-0"]
[WhiteElo "2305"]
[BlackElo "2225"]
[PlyCount "81"]
[EventDate "1992.09.??"]
[EventType "swiss"]
[EventRounds "9"]
[EventCountry "ITA"]
[SourceTitle "TD"]
[Source "ChessBase"]
[SourceDate "1994.03.01"]
[SourceVersion "1"]
[SourceVersionDate "1994.03.01"]
[SourceQuality "1"]

1. e4 g6 2. d4 d6 3. Nc3 Bg7 4. Nf3 a6 5. a4 Nc6 6. h3 e5 7. Be3 exd4 8. Nxd4 Nf6 9. g3 Bd7 10. Bg2 0-0 11. 0-0 Re8 12. Nde2 Nb4 13. a5 c5 14. g4 h5 15. g5 Nh7 16. Qd2 f6 17. gxf6 Qxf6 18. Nf4 Bc6 19. Nfd5 Nxd5 20. Nxd5 Qf7 21. c3 Rad8 22. Rad1 Nf6 23. Bg5 Rd7 24. Rfe1 Bxd5 25. exd5 Rde7 26. Re6 Rxe6 27. dxe6 Qxe6 28. Qxd6 Qxd6 29. Rxd6 Re1+ 30. Bf1 Ne4 31. Rd8+ Kf7 32. Rd7+ Kf8 33. Be3 Bf6 34. Kg2 Bg5 35. Bxg5 Nxg5 36. Rxb7 Nxh3 37. Bxa6 Nf4+ 38. Kf3 g5 39. Bc4 Nh3 40. a6 g4+ 41. Kg3 1-0

[Event "Forli op"]
[Site "Forli"]
[Date "1992.??.??"]
[Round "8"]
[White "Wagman, Stuart"]
[Black "Aurel, J."]
[Result "0-1"]
[WhiteElo "2215"]
[BlackElo "2225"]
[PlyCount "80"]
[EventDate "1992.09.??"]
[EventType "swiss"]
[EventRounds "9"]
[EventCountry "ITA"]
[SourceTitle "TD"]
[Source "ChessBase"]
[SourceDate "1994.03.01"]
[SourceVersion "1"]
[SourceVersionDate "1994.03.01"]
[SourceQuality "1"]

1. e4 d6 2. d4 g6 3. Nf3 Bg7 4. Nc3 a6 5. Be3 b5 6. a3 Nd7 7. Be2 Bb7 8. 0-0 c5 9. Ne1 cxd4 10. Bxd4 Ngf6 11. f3 0-0 12. Qd2 Qc7 13. Rd1 Ne5 14. b3 Rfe8 15. Nd5 Nxd5 16. exd5 Nd7 17. Bxg7 Kxg7 18. Qd4+ Nf6 19. c4 bxc4 20. Bxc4 Rac8 21. Nd3 Qb8 22. Rfe1 Qa8 23. Nf4 Kg8 24. h4 Rc7 25. h5 Bc8 26. Rxe7 Rexe7 27. Qxf6 Bb7 28. h6 Qf8 29. Qh4 Re5 30. Nh3 Qe7 31. Qg3 Rc5 32. f4 Re3 33. Qf2 f6 34. Qb2 Rc7 35. Kf2 Bc8 36. Qd2 Bg4 37. Rg1 Re4 38. Bd3 Bxh3 39. Bxe4 Qxe4 40. gxh3 Rc2 0-1